000 01156nam a2200277Ia 4500
003 OSt
005 20221005105437.0
006 a|||||r|||| 00| 0
007 ta
008 221004b |||||||| |||| 00| 0 hin d
020 _a9788190415115 (hbk)
_c500
024 _a100052
037 _b398, 22/03/2010, Swaraj Prakashan
_cTextual
040 _aCRL
_cCRL
_bhin
041 _2hin
_ahin
082 _aO11195:g, 152P8
100 _aशर्मा, शेखर
245 0 _aपाश्चात्य समीक्षा अऔर समीक्षक
246 _aPāshchātya samīkṣhā aaur samīkṣhaka
260 _aनई दिल्ली
_bप्रासंगिक पब्लिशर्स एंड डिस्ट्रीब्यूटर्स भारत
_c2008
300 _a319पृ0
_ccm.
650 _aपाश्चात्य साहित्य
700 _a शर्मा, हरवंशलाल
942 _hO11195:g, 152P8
_cTEXL
_2cc
999 _c1015830
_d1015830